Recuérdame quien soy cuando olvide dónde voy : (Record no. 51740)
[ view plain ]
| 000 -CABECERA | |
|---|---|
| campo de control de longitud fija | 00956nam a2200253 a 4500 |
| 001 - NÚMERO DE CONTROL | |
| campo de control | 000038834 |
| 003 - IDENTIFICADOR DEL NÚMERO DE CONTROL | |
| campo de control | DO-SdBNP |
| 005 - FECHA Y HORA DE LA ÚLTIMA TRANSACCIÓN | |
| campo de control | 20250620143745.0 |
| 007 - CAMPO FIJO DE DESCRIPCIÓN FÍSICA--INFORMACIÓN GENERAL | |
| campo de control de longitud fija | ta |
| 008 - DATOS DE LONGITUD FIJA--INFORMACIÓN GENERAL | |
| campo de control de longitud fija | 130426s2021 dr a 000 0 spa d |
| 020 ## - NÚMERO INTERNACIONAL ESTÁNDAR DEL LIBRO | |
| Número Internacional Estándar del Libro | 9789945221640 |
| 040 ## - FUENTE DE LA CATALOGACIÓN | |
| Centro catalogador/agencia de origen | DO-SdBNP |
| Lengua de catalogación | spa |
| Centro/agencia transcriptor | BNPHU |
| 082 ## - NÚMERO DE LA CLASIFICACIÓN DECIMAL DEWEY | |
| Número de clasificación | xxx |
| Número de documento/Ítem | C352r |
| 100 1# - ENTRADA PRINCIPAL--NOMBRE DE PERSONA | |
| Nombre de persona | Castillo Moya, Marcia |
| 9 (RLIN) | 34500 |
| 245 10 - MENCIÓN DE TÍTULO | |
| Título | Recuérdame quien soy cuando olvide dónde voy : |
| Resto del título | manual práctico dirigido a cuidadores de personas con alzheimer / |
| Mención de responsabilidad, etc. | Marcia Castillo Moya, Jocelyn Durán Taveras, Ivette Joga Almánzar ; edición y corrección de estilo Eleanor Grimaldi Silié |
| 260 ## - PUBLICACIÓN, DISTRIBUCIÓN, ETC. | |
| Lugar de publicación, distribución, etc. | Santo Domingo : |
| Nombre del editor, distribuidor, etc. | Búho, |
| Fecha de publicación, distribución, etc. | 2021. |
| 300 ## - DESCRIPCIÓN FÍSICA | |
| Extensión | 34 p. : |
| Dimensiones | 29 cm. |
| Tamaño de la unidad | il. ; |
| 590 ## - NOTA LOCAL (RLIN) | |
| Nota local | Inventariado, 2022 / DG |
| 700 ## - PUNTO DE ACCESO ADICIONAL--NOMBRE DE PERSONA | |
| Nombre de persona | Durán Taveras, Jocelyn |
| Término indicativo de función/relación | autora |
| 9 (RLIN) | 81628 |
| 700 ## - PUNTO DE ACCESO ADICIONAL--NOMBRE DE PERSONA | |
| Nombre de persona | Joga Almánzar, Ivette |
| Término indicativo de función/relación | autora |
| 9 (RLIN) | 81629 |
| 700 ## - PUNTO DE ACCESO ADICIONAL--NOMBRE DE PERSONA | |
| Nombre de persona | Grimaldi Silié, Eleanor |
| Término indicativo de función/relación | edición y corrección de estilo |
| 9 (RLIN) | 88158 |
| 910 ## - DATOS DE OPCIÓN DEL USUARIO (OCLC) | |
| Datos de opción del usuario | DG |
| 942 ## - ELEMENTOS DE PUNTO DE ACCESO ADICIONAL (KOHA) | |
| Fuente del sistema de clasificación o colocación | Dewey Decimal Classification |
| Tipo de ítem Koha | Folleto |
| Estado de retiro | Estado de pérdida | Fuente del sistema de clasificación o colocación | Restricciones de uso | No para préstamo | Código de colección | Localización permanente | Ubicación/localización actual | Ubicación en estantería | Fecha de adquisición | Total de préstamos | Signatura topográfica completa | Código de barras | Fecha visto por última vez | Precio válido a partir de | Tipo de ítem Koha | Número de copia |
|---|---|---|---|---|---|---|---|---|---|---|---|---|---|---|---|---|
| Dewey Decimal Classification | Préstamo en sala | Monografías: Libros y Folletos | Biblioteca Nacional Pedro Henríquez Ureña | Dominicana | En catalogación | 17.05.2022 | xxx C352r | 2022-2148 | 17.05.2022 | 17.05.2022 | Folleto | e.3 | ||||
| Dewey Decimal Classification | Excluido de préstamo | Monografías: Libros y Folletos | Biblioteca Nacional Pedro Henríquez Ureña | Patrimonio Dominicano | En catalogación | 17.05.2022 | xxx C352r | 2022-2146 | 17.05.2022 | 17.05.2022 | Folleto | |||||
| Dewey Decimal Classification | Excluido de préstamo | Monografías: Libros y Folletos | Biblioteca Nacional Pedro Henríquez Ureña | Patrimonio Dominicano | En catalogación | 17.05.2022 | xxx C352r | 2022-2147 | 17.05.2022 | 17.05.2022 | Folleto | e.2 |
